000 00770nas a2200229 i 4500
001 188455
003 ES-MaACL
005 20250217134928.0
008 181023d1931193usp | | ||pa d
022 _a2484-5574
080 _a34(460)(094.9)
110 2 _aEspaña.
_bTribunal Supremo.
_bSala Sexta (Militar)
_9165578
245 1 0 _aSentencias y autos dictados por la sala sexta (militar) del Tribunal Supremo y publicadas en la Gaceta de Madrid /
_cTribunal Supremo.
260 _aMadrid :
_bSucs. de Rivadeneyra,
_c1931-[193-?]
300 _a1 v. ;
_c31 cm.
310 _aIrregular
362 0 _a(1931)-(193?)
650 4 _aDerecho militar-
_zEspaña-
_vJurisprudencia.
_9165579
852 _aES-MaACL
_jHem-370
866 0 _o1931.
999 _c188455
_d188455